| LEADER 00000nam 2200000uu 4500 |
| 001 38878 |
| 003 ULIBM |
| 008 020711s2563 th a 000 0 tha d |
| 060 วจ.WM165 อ474ก 2562 |
| 100 อัครเดช กลิ่นพิบูลย์ |
| 245 การพัฒนาโปรแกรมบำบัดโดยการแก้ปัญหาในผู้ป่วยจิตเวชที่มีความคิดและพฤติกรรมฆ่าตัวตายที่มารับบริการในโรงพยาบาลจิตเวชขอนแก่นราชนครินทร์/อัครเดช กลิ่นพิบูลย์ |
| 250 พิมพ์ครั้งที่ 1 |
| 260 ขอนแก่น :^bโรงพยาบาลจิตเวชขอนแก่นราชนครินทร์,^c2562 |
| 300 201 หน้า :^bตาราง ;^c30 ซม. |
| 650 การฆ่าตัวตาย^xการป้องกันและควบคุม |
| 650 ความคิดฆ่าตัวตาย^xการบำบัด |
| 650 ความพยายามฆ่าตัวตาย^xการบำบัด |
| 650 ความตั้งใจทำร้ายตนเอง^xการบำบัด |
| 650 โปรแกรมบำบัดโดยการแก้ปัญหาในผู้ป่วยจิตเวช |
| 650 0 วิจัย KRPH |
| 650 0 suicide |
| 650 0 คลังความรู้ KRPH |
| 700 อรพิน ยอดกลาง |
| 700 วิภาดา คณะไชย |
| 700 จารุนันท์ คำชมภู |
| 700 สาคร บุบผาเฮ้า |
| 856 ^zRes.153.pdf (fulltext)^uhttps://library.dmh.go.th/jvkk//_fulltext/fulltext/38878/20210201093211_3566.pdf |
| 999 ^aฐานิตา โสภะสุนทร |